<?xml version="1.0" encoding="UTF-8"?>
<collection xmlns="http://www.loc.gov/MARC21/slim">
<record>
  <controlfield tag="001">164166</controlfield>
  <controlfield tag="005">20251127172930.0</controlfield>
  <datafield tag="024" ind1="7" ind2=" ">
    <subfield code="2">doi</subfield>
    <subfield code="a">10.1186/s12889-025-24874-8</subfield>
  </datafield>
  <datafield tag="024" ind1="8" ind2=" ">
    <subfield code="2">sideral</subfield>
    <subfield code="a">146326</subfield>
  </datafield>
  <datafield tag="037" ind1=" " ind2=" ">
    <subfield code="a">ART-2025-146326</subfield>
  </datafield>
  <datafield tag="041" ind1=" " ind2=" ">
    <subfield code="a">eng</subfield>
  </datafield>
  <datafield tag="100" ind1=" " ind2=" ">
    <subfield code="a">Collazo, Yuleydy</subfield>
  </datafield>
  <datafield tag="245" ind1=" " ind2=" ">
    <subfield code="a">Cardiovascular risk factors in immigrants: an intersectional real world data approach to understand health inequalities</subfield>
  </datafield>
  <datafield tag="260" ind1=" " ind2=" ">
    <subfield code="c">2025</subfield>
  </datafield>
  <datafield tag="520" ind1="3" ind2=" ">
    <subfield code="a">Cardiovascular risk factors (CVRFs) are shaped by social determinants of health. Lower CVRFs frequency in immigrants, as reported in the literature, may oversimplify a group affected by multiple and intersecting social inequities. Using the framework of intersectionality, we aim to analyse the prevalence of CVRFs using Real-World Data (RWD), in immigrants to better understand how overlapping social identities shape health outcomes.
Methods. A cross-sectional observational study was conducted in the immigrant population of the CARhES cohort (45,861) a population cohort of RWD of CVRFs’ patients. In order to characterise the most privileged and oppressed immigrant groups, we considered the impact of country of origin, age group, gender, income level and place of residence on the prevalence of CVRFs. Logistic regression models were used to estimate the effect of socioeconomic characteristics on the presence of three CVRFs. To explore intersectionality, logistic regression models with interactions assessed how sociodemographic variables jointly influenced the presence of three CVRFs. Coefficients were tested for significance using the Wald test, and odds ratios (ORs) were calculated with their 95% confidence intervals (CI).
Results. The prevalence of CVRFs was higher in immigrant men, living in urban areas, and increased with aging and low income. The strongest association between socioeconomic variables and the presence of three CVRFs was found in people 65–79 years and among Europeans. This association was independent of their time in the country. Intersectional strata with more CVRFs included individuals aged 65–79 in urban areas, Latin American and Caribbean men and African women. Intersectional analyses showed that African immigrants from urban areas had a higher probability of having the three CVRFs (OR: 1.66, CI = 1.30–2.11), as did African women (OR: 1.40, CI = 1.15–1.69). Females in the most oppressed axes of inequality showed a higher frequency of CVRFs than males. Conclusions. Intersectional approach reveals that the most disadvantaged groups regarding CVRFs include older Latin American and Caribbean men and African women in urban areas. Women facing multiple layers of social oppression are particularly at risk. This RWD-based approach enables the identification of at-risk groups and supports the design of equitable, data-driven health interventions.</subfield>
  </datafield>
  <datafield tag="506" ind1="0" ind2=" ">
    <subfield code="a">Access copy available to the general public</subfield>
    <subfield code="f">Unrestricted</subfield>
  </datafield>
  <datafield tag="536" ind1=" " ind2=" ">
    <subfield code="9">info:eu-repo/grantAgreement/ES/DGA-GRISSA/B09-23R</subfield>
    <subfield code="9">info:eu-repo/grantAgreement/ES/ISCIII/PI22-01193</subfield>
  </datafield>
  <datafield tag="540" ind1=" " ind2=" ">
    <subfield code="9">info:eu-repo/semantics/openAccess</subfield>
    <subfield code="a">by-nc-nd</subfield>
    <subfield code="u">https://creativecommons.org/licenses/by-nc-nd/4.0/deed.es</subfield>
  </datafield>
  <datafield tag="655" ind1=" " ind2="4">
    <subfield code="a">info:eu-repo/semantics/article</subfield>
    <subfield code="v">info:eu-repo/semantics/publishedVersion</subfield>
  </datafield>
  <datafield tag="700" ind1=" " ind2=" ">
    <subfield code="a">Gamba, Adriana</subfield>
  </datafield>
  <datafield tag="700" ind1=" " ind2=" ">
    <subfield code="a">Malo, Sara</subfield>
    <subfield code="u">Universidad de Zaragoza</subfield>
    <subfield code="0">(orcid)0000-0002-7194-8275</subfield>
  </datafield>
  <datafield tag="700" ind1=" " ind2=" ">
    <subfield code="a">Rabanaque, MJ</subfield>
    <subfield code="u">Universidad de Zaragoza</subfield>
    <subfield code="0">(orcid)0000-0002-6671-5661</subfield>
  </datafield>
  <datafield tag="700" ind1=" " ind2=" ">
    <subfield code="a">Carela, Francisco Javier</subfield>
  </datafield>
  <datafield tag="700" ind1=" " ind2=" ">
    <subfield code="a">Aguilar-Palacio, Isabel</subfield>
    <subfield code="u">Universidad de Zaragoza</subfield>
    <subfield code="0">(orcid)0000-0001-7293-701X</subfield>
  </datafield>
  <datafield tag="710" ind1="2" ind2=" ">
    <subfield code="1">1011</subfield>
    <subfield code="2">615</subfield>
    <subfield code="a">Universidad de Zaragoza</subfield>
    <subfield code="b">Dpto. Microb.Ped.Radio.Sal.Pú.</subfield>
    <subfield code="c">Área Medic.Prevent.Salud Públ.</subfield>
  </datafield>
  <datafield tag="773" ind1=" " ind2=" ">
    <subfield code="g">25, 1 (2025), 11 pp.</subfield>
    <subfield code="p">BMC Public Health</subfield>
    <subfield code="t">BMC PUBLIC HEALTH</subfield>
    <subfield code="x">1471-2458</subfield>
  </datafield>
  <datafield tag="856" ind1="4" ind2=" ">
    <subfield code="s">1479759</subfield>
    <subfield code="u">http://zaguan.unizar.es/record/164166/files/texto_completo.pdf</subfield>
    <subfield code="y">Versión publicada</subfield>
  </datafield>
  <datafield tag="856" ind1="4" ind2=" ">
    <subfield code="s">2205713</subfield>
    <subfield code="u">http://zaguan.unizar.es/record/164166/files/texto_completo.jpg?subformat=icon</subfield>
    <subfield code="x">icon</subfield>
    <subfield code="y">Versión publicada</subfield>
  </datafield>
  <datafield tag="909" ind1="C" ind2="O">
    <subfield code="o">oai:zaguan.unizar.es:164166</subfield>
    <subfield code="p">articulos</subfield>
    <subfield code="p">driver</subfield>
  </datafield>
  <datafield tag="951" ind1=" " ind2=" ">
    <subfield code="a">2025-11-27-15:16:18</subfield>
  </datafield>
  <datafield tag="980" ind1=" " ind2=" ">
    <subfield code="a">ARTICLE</subfield>
  </datafield>
</record>
</collection>